ბათუმის შოთა რუსთაველის სახელმწიფო უნივერსიტეტის ბიბლიოთეკა

საპატრიარქოს უწყებანი.№7(707)2014. 20-26 თებერვალი (ბიბ.ჩანაწერი № 42175)

000 -LEADER
fixed length control field 00757nam a2200181Ia 4500
001 - CONTROL NUMBER
control field 8868
003 - CONTROL NUMBER IDENTIFIER
control field GE_BSU
008 - FIXED-LENGTH DATA ELEMENTS--GENERAL INFORMATION
fixed length control field 181216s||||||||xx |||||||||||||| ||und||
040 ## - CATALOGING SOURCE
Transcribing agency GE_BSU
245 ## - TITLE STATEMENT
Title საპატრიარქოს უწყებანი.№7(707)2014. 20-26 თებერვალი
245 ## - TITLE STATEMENT
Remainder of title პატრიარქის ქადაგება,ქრონიკა, ინფორმაცია და სხვა.
245 ## - TITLE STATEMENT
Statement of responsibility, etc. რედ:დეკანოზი დავით შარაშენიძე და სხვა.
260 ## - PUBLICATION, DISTRIBUTION, ETC.
Date of publication, distribution, etc. 2014
300 ## - PHYSICAL DESCRIPTION
Extent 19გვ.29სმ.
653 ## - INDEX TERM--UNCONTROLLED
Uncontrolled term პერიოდიკა
653 ## - INDEX TERM--UNCONTROLLED
Uncontrolled term საპატრიარქოს უწყებანი
942 ## - ADDED ENTRY ELEMENTS (KOHA)
Koha item type პერიოდიკა
ეგზემპლარები
Withdrawn status Lost status Damaged status Not for loan Date acquired Barcode Date last seen Price effective from Koha item type
        2018-12-17 p76095 2018-12-17 2018-12-17 პერიოდიკა